Galéria, Bratislava – Nové Mesto, lokalita Dynamitka

Enregistré dans:
Détails bibliographiques
Auteur principal: Abrahámová, Monika (Auteur)
Autres auteurs: Görner, Karol (Directeur de thèse)
Format: Manuscrit Livre
Langue:slovaque
Publié: 2025
Sujets:
Accès en ligne:http://is.stuba.sk/zp/portal_zp.pl?podrobnosti=185939
Tags: Ajouter un tag
Pas de tags, Soyez le premier à ajouter un tag!

MARC

LEADER 00000ntm a22000003a 4500
001 stuzp104507
003 SK-STU
005 20250607210554.7
007 ta
008 150427s2015----xo-----f-mn---000-0-slo-d
040 |a STU  |b slo 
041 0 |a slo 
100 1 |a Abrahámová, Monika  |u 056160  |4 aut  |U FAD Fakulta architektúry a dizajnu  |T FAD Ústav urbanizmu a územného plánovania  |X 103564  |U A6160  |Y 397  |7 103564 
242 0 1 |a Gallery, Bratislava – Nove Mesto, locality Dynamitka  |y eng 
245 1 0 |a Galéria, Bratislava – Nové Mesto, lokalita Dynamitka 
260 |c 2025 
650 4 |a sustainable  |2 eng 
650 4 |a digital art  |2 eng 
650 4 |a gallery  |2 eng 
650 4 |a udržateľnosť  |2 slo 
650 4 |a digitálne umenie  |2 slo 
650 4 |a galéria  |2 slo 
700 1 |a Görner, Karol  |u 056160  |k Z1  |4 ths  |U FAD Fakulta architektúry a dizajnu  |T FAD Ústav urbanizmu a územného plánovania  |X 48912  |U A6160  |Y 397  |7 A000048912 
856 4 |u http://is.stuba.sk/zp/portal_zp.pl?podrobnosti=185939